| 000 | 01262nam2a22003011 4500 | ||
|---|---|---|---|
| 001 | rc\4623485 | ||
| 005 | 20130416195828.5 | ||
| 021 |
_aRU _b[66-42787] |
||
| 035 | _a(NLR Aleph) 008675596 | ||
| 090 |
_a9146802 _c9146802 |
||
| 100 | _a20130416d1966 |||y0rusy50 ca | ||
| 101 | 0 | _arus | |
| 102 | _aRU | ||
| 105 | _aa b ||||| | ||
| 200 | 1 |
_aИндикаторы, выпрямители и полупроводниковые приборы _fСлуцкий В.З., Фогельсон Б.И., Левичев В.Г., Степук Я.В. |
|
| 205 | _a2-е изд., перераб. и доп. | ||
| 210 | _d1966 | ||
| 215 |
_a430 с. _cчерт. |
||
| 461 | 0 |
_1001rc\4623481 _12001#$aОсновы радиотехники и радиолокации$v[4] _99146779 _cМосква _d1965 _nВоениздат _tОсновы радиотехники и радиолокации _v[4] |
|
| 701 | 1 |
_aЛевичев _bВ. Г. _gВладимир Григорьевич |
|
| 701 | 1 |
_aСтепук _bЯ. В. _gЯков Васильевич |
|
| 701 | 1 |
_aФогельсон _bБ. И. |
|
| 701 | 1 |
_aСлуцкий _bВ. З. _gВениамин Захарович |
|
| 801 | 0 |
_aRU _bNLR _gpsbo |
|
| 801 | 1 |
_aRU _bELAR _2rusmarc |
|
| 852 |
_aNLR _j65-5/2200 |
||
| 942 | _cBOOK | ||
| 980 | _aNB | ||